[Event "Grand Swiss "]
[Date "2025.09.13"]
[White "Artemiev, Vladislav"]
[Black "Ponomariov, Ruslan"]
[WhiteElo "2664"]
[BlackElo "2622"]
[Round "8.8.27"]
[Result "1/2-1/2"]

1. c4 {[%clk 01:40:45] [%emt 00:00:14]} e5 {[%clk 01:40:22] [%emt 00:00:38]} 2.
Nc3 {[%clk 01:37:57] [%emt 00:03:18]} Nf6 {[%clk 01:40:32] [%emt 00:00:20]} 3.
Nf3 {[%clk 01:29:53] [%emt 00:08:35]} Nc6 {[%clk 01:40:31] [%emt 00:00:31]} 4.
g3 {[%clk 01:27:28] [%emt 00:02:55]} d5 {[%clk 01:39:12] [%emt 00:01:48]} 5.
cxd5 {[%clk 01:27:38] [%emt 00:00:20]} Nxd5 {[%clk 01:39:32] [%emt 00:00:10]} 6.
Bg2 {[%clk 01:28:01] [%emt 00:00:07]} Nb6 {[%clk 01:39:18] [%emt 00:00:44]} 7.
O-O {[%clk 01:22:19] [%emt 00:06:13]} Be7 {[%clk 01:39:11] [%emt 00:00:36]} 8.
b3 {[%clk 01:16:16] [%emt 00:06:33]} O-O {[%clk 01:35:42] [%emt 00:03:59]} 9.
Bb2 {[%clk 01:16:11] [%emt 00:00:35]} Bg4 {[%clk 01:19:39] [%emt 00:16:33]} 10.
Rc1 {[%clk 01:09:57] [%emt 00:06:45]} Re8 {[%clk 01:18:11] [%emt 00:01:57]} 11.
Ne4 {[%clk 00:47:55] [%emt 00:22:32]} Nd7 {[%clk 01:04:36] [%emt 00:14:05]} 12.
d3 {[%clk 00:38:24] [%emt 00:10:01]} a5 {[%clk 00:57:37] [%emt 00:07:28]} 13.
Qc2 {[%clk 00:28:26] [%emt 00:10:29]} Qb8 {[%clk 00:49:51] [%emt 00:08:15]} 14.
a3 {[%clk 00:26:26] [%emt 00:02:31]} Qa7 {[%clk 00:48:02] [%emt 00:02:19]} 15.
h3 {[%emt 00:11:59]} Bh5 {[%clk 00:40:55] [%emt 00:04:55]} 16. Rfd1 {[%clk
00:13:14] [%emt 00:04:55]} Rad8 {[%clk 00:38:52] [%emt 00:02:33]} 17. e3 {[%clk
00:10:52] [%emt 00:02:52]} Bg6 {[%clk 00:27:22] [%emt 00:12:00]} 18. g4 {[%clk
00:05:28] [%emt 00:05:55]} f6 {[%clk 00:17:31] [%emt 00:10:21]} 19. d4 {[%clk
00:03:25] [%emt 00:02:33]} exd4 {[%clk 00:17:27] [%emt 00:00:34]} 20. Nxd4
{[%clk 00:03:06] [%emt 00:00:50]} Nxd4 {[%clk 00:17:24] [%emt 00:00:33]} 21.
Rxd4 {[%clk 00:02:53] [%emt 00:00:44]} Nc5 {[%clk 00:14:54] [%emt 00:02:59]} 22.
Rcd1 {[%clk 00:00:39] [%emt 00:02:44]} Bd6 {[%clk 00:14:05] [%emt 00:01:20]} 23.
b4 {[%clk 00:00:34] [%emt 00:00:35]} axb4 {[%clk 00:11:18] [%emt 00:03:17]} 24.
axb4 {[%clk 00:01:01] [%emt 00:00:03]} Nxe4 {[%clk 00:11:07] [%emt 00:00:41]}
25. Bxe4 {[%clk 00:01:27] [%emt 00:00:04]} Rxe4 {[%clk 00:11:15] [%emt
00:00:21]} 26. Rxe4 {[%clk 00:01:54] [%emt 00:00:04]} Kf8 {[%clk 00:11:12] [%emt
00:00:33]} 27. Rdd4 {[%clk 00:00:57] [%emt 00:01:27]} Qa2 {[%clk 00:08:48] [%emt
00:02:54]} 28. Kg2 {[%clk 00:00:44] [%emt 00:00:43]} b6 {[%clk 00:04:27] [%emt
00:04:51]} 29. Qd2 {[%clk 00:00:32] [%emt 00:00:42]} Bxe4+ {[%clk 00:04:00]
[%emt 00:00:57]} 30. Rxe4 {[%clk 00:00:59] [%emt 00:00:02]} Qa8 {[%clk 00:04:08]
[%emt 00:00:21]} 31. f3 {[%clk 00:01:26] [%emt 00:00:04]} Be5 {[%clk 00:03:17]
[%emt 00:01:22]} 32. Bd4 {[%clk 00:00:37] [%emt 00:01:19]} Qd5 {[%clk 00:02:01]
[%emt 00:01:46]} 33. Qe2 {[%clk 00:00:31] [%emt 00:00:36]} Bd6 {[%clk 00:02:07]
[%emt 00:00:24]} 34. Bc3 {[%clk 00:00:32] [%emt 00:00:29]} c5 {[%clk 00:01:59]
[%emt 00:00:39]} 35. bxc5 {[%clk 00:00:48] [%emt 00:00:14]} Bxc5 {[%clk
00:02:09] [%emt 00:00:19]} 36. Bb4 {[%clk 00:00:51] [%emt 00:00:27]} Re8 {[%clk
00:01:41] [%emt 00:00:58]} 37. Bxc5+ {[%clk 00:00:38] [%emt 00:00:44]} bxc5
{[%clk 00:02:04] [%emt 00:00:07]} 38. Rxe8+ {[%clk 00:00:37] [%emt 00:00:30]}
Kxe8 {[%clk 00:02:33] [%emt 00:00:01]} 39. Qb5+ {[%clk 00:00:50] [%emt
00:00:17]} Ke7 {[%clk 00:01:51] [%emt 00:01:12]} 40. Qa5 {[%clk 00:01:04] [%emt
00:00:16]} Qc6 {[%clk 00:01:14] [%emt 00:01:06]} 41. Kf2 {[%clk 00:25:16] [%emt
00:26:17]} c4 {[%clk 00:50:04] [%emt 00:01:41]} 42. Qc3 {[%clk 00:08:56] [%emt
00:16:50]} Qc7 {[%clk 00:40:41] [%emt 00:09:52]} 43. h4 {[%clk 00:03:36] [%emt
00:05:51]} h5 {[%clk 00:36:45] [%emt 00:04:26]} 44. gxh5 {[%clk 00:04:01] [%emt
00:00:05]} Qh2+ {[%clk 00:36:59] [%emt 00:00:15]} 45. Kf1 {[%clk 00:04:18] [%emt
00:00:13]} Qh1+ {[%clk 00:32:30] [%emt 00:04:59]} 46. Ke2 {[%clk 00:03:55] [%emt
00:00:53]} Qg2+ {[%clk 00:32:36] [%emt 00:00:23]} 47. Ke1 {[%clk 00:04:20] [%emt
00:00:05]} Qxf3 {[%clk 00:32:35] [%emt 00:00:30]} 48. Qb4+ {[%clk 00:04:23]
[%emt 00:00:28]} Kd7 {[%clk 00:32:41] [%emt 00:00:24]} 49. Qa4+ {[%clk 00:02:08]
[%emt 00:02:45]} Qc6 {[%clk 00:32:11] [%emt 00:01:00]} 50. Qa7+ {[%clk 00:02:32]
[%emt 00:00:06]} Qc7 {[%clk 00:32:05] [%emt 00:00:35]} 51. Qd4+ {[%clk 00:02:57]
[%emt 00:00:05]} Ke7 {[%clk 00:31:50] [%emt 00:00:45]} 52. Qe4+ {[%clk 00:01:03]
[%emt 00:02:25]} Kf8 {[%clk 00:29:05] [%emt 00:03:14]} 53. Qa8+ {[%clk 00:01:28]
[%emt 00:00:06]} Kf7 {[%clk 00:28:03] [%emt 00:01:31]} 54. Qd5+ {[%clk 00:01:49]
[%emt 00:00:09]} Ke7 {[%clk 00:28:00] [%emt 00:00:32]} 55. Qe4+ {[%clk 00:02:12]
[%emt 00:00:08]} Qe5 {[%clk 00:27:02] [%emt 00:01:28]} 56. Qb7+ {[%clk 00:02:33]
[%emt 00:00:09]} Kd6 {[%clk 00:26:11] [%emt 00:01:21]} 57. Qxg7 {[%clk 00:02:16]
[%emt 00:00:47]} Qxe3+ {[%clk 00:24:17] [%emt 00:02:23]} 58. Kd1 {[%clk
00:02:41] [%emt 00:00:06]} Qd3+ {[%clk 00:21:51] [%emt 00:02:56]} 59. Kc1 {[%clk
00:02:52] [%emt 00:00:20]} Qc3+ {[%emt 00:00:23]} 1/2-1/2

[Site "Europe Echecs"]

[Event "Grand Swiss "]
[Date "2025.09.13"]
[White "Oparin, Grigoriy"]
[Black "Ivanchuk, Vasyl"]
[WhiteElo "2660"]
[BlackElo "2608"]
[Round "8.8.28"]
[Result "1-0"]

1. e4 {[%clk 01:40:56] [%emt 00:00:04]} e6 {[%clk 01:28:50] [%emt 00:12:11]} 2.
d4 {[%clk 01:41:10] [%emt 00:00:16]} d5 {[%clk 01:27:37] [%emt 00:01:43]} 3. Nc3
{[%clk 01:41:27] [%emt 00:00:12]} Bb4 {[%clk 01:28:01] [%emt 00:00:05]} 4. e5
{[%clk 01:41:35] [%emt 00:00:23]} Ne7 {[%clk 01:28:26] [%emt 00:00:05]} 5. a3
{[%clk 01:40:06] [%emt 00:01:59]} Bxc3+ {[%clk 01:28:49] [%emt 00:00:08]} 6.
bxc3 {[%clk 01:40:32] [%emt 00:00:03]} c5 {[%clk 01:29:17] [%emt 00:00:02]} 7.
a4 {[%clk 01:37:54] [%emt 00:03:09]} Nbc6 {[%clk 01:22:31] [%emt 00:07:15]} 8.
f4 {[%clk 01:34:52] [%emt 00:03:32]} Qc7 {[%clk 01:08:03] [%emt 00:14:56]} 9.
Nf3 {[%clk 01:30:20] [%emt 00:05:04]} cxd4 {[%clk 01:05:20] [%emt 00:03:13]} 10.
cxd4 {[%clk 01:29:21] [%emt 00:01:29]} Nb4 {[%clk 01:02:14] [%emt 00:03:35]} 11.
Rb1 {[%clk 01:15:43] [%emt 00:14:08]} Nbc6 {[%clk 00:47:57] [%emt 00:14:48]} 12.
Bd3 {[%clk 00:56:55] [%emt 00:19:18]} Nf5 {[%clk 00:46:55] [%emt 00:01:31]} 13.
O-O {[%clk 00:44:24] [%emt 00:13:01]} Bd7 {[%clk 00:46:59] [%emt 00:00:25]} 14.
Bxf5 {[%clk 00:37:39] [%emt 00:07:16]} exf5 {[%clk 00:47:23] [%emt 00:00:06]}
15. c4 {[%clk 00:38:07] [%emt 00:00:02]} Ne7 {[%clk 00:39:14] [%emt 00:08:37]}
16. Ba3 {[%clk 00:38:19] [%emt 00:00:19]} Bc6 {[%clk 00:36:53] [%emt 00:02:51]}
17. Bd6 {[%clk 00:34:14] [%emt 00:04:35]} Qd7 {[%clk 00:34:08] [%emt 00:03:15]}
18. c5 {[%clk 00:33:48] [%emt 00:00:57]} O-O {[%clk 00:34:36] [%emt 00:00:02]}
19. Re1 {[%clk 00:24:19] [%emt 00:09:59]} Rae8 {[%clk 00:33:08] [%emt 00:01:57]}
20. a5 {[%clk 00:22:56] [%emt 00:01:54]} a6 {[%clk 00:30:31] [%emt 00:03:07]}
21. Re3 {[%clk 00:21:56] [%emt 00:01:30]} Qc8 {[%clk 00:30:10] [%emt 00:00:50]}
22. Ng5 {[%clk 00:20:16] [%emt 00:02:11]} h6 {[%clk 00:29:39] [%emt 00:01:01]}
23. Qh5 {[%clk 00:20:29] [%emt 00:00:17]} Ng6 {[%clk 00:26:57] [%emt 00:03:11]}
24. Bxf8 {[%clk 00:19:40] [%emt 00:01:20]} hxg5 {[%clk 00:27:16] [%emt
00:00:11]} 25. Bd6 {[%clk 00:19:41] [%emt 00:00:28]} Nxf4 {[%clk 00:27:01] [%emt
00:00:46]} 26. Qxg5 {[%clk 00:20:07] [%emt 00:00:05]} Ne6 {[%clk 00:27:26] [%emt
00:00:03]} 27. Qh5 {[%clk 00:19:31] [%emt 00:01:06]} 1-0

[Site "Europe Echecs"]

[Event "Grand Swiss "]
[Date "2025.09.13"]
[White "Aditya Mittal"]
[Black "Sadhwani, Raunak"]
[WhiteElo "2589"]
[BlackElo "2658"]
[Round "8.8.29"]
[Result "1/2-1/2"]

1. c4 {[%clk 01:40:59] [%emt 00:00:01]} e6 {[%clk 01:40:54] [%emt 00:00:06]} 2.
Nc3 {[%clk 01:41:27] [%emt 00:00:02]} d5 {[%clk 01:41:18] [%emt 00:00:06]} 3. d4
{[%clk 01:41:55] [%emt 00:00:02]} Nf6 {[%clk 01:41:42] [%emt 00:00:06]} 4. Bg5
{[%clk 01:42:23] [%emt 00:00:02]} dxc4 {[%clk 01:41:56] [%emt 00:00:16]} 5. e3
{[%clk 01:42:40] [%emt 00:00:13]} c5 {[%clk 01:41:12] [%emt 00:01:13]} 6. Bxc4
{[%clk 01:42:01] [%emt 00:01:09]} cxd4 {[%clk 01:41:14] [%emt 00:00:28]} 7. exd4
{[%clk 01:42:29] [%emt 00:00:02]} Be7 {[%clk 01:41:35] [%emt 00:00:09]} 8. Nf3
{[%clk 01:42:55] [%emt 00:00:04]} O-O {[%clk 01:42:00] [%emt 00:00:05]} 9. O-O
{[%clk 01:43:21] [%emt 00:00:03]} Nc6 {[%clk 01:42:17] [%emt 00:00:14]} 10. Re1
{[%clk 01:41:59] [%emt 00:01:51]} b6 {[%clk 01:29:46] [%emt 00:13:02]} 11. Ne5
{[%clk 01:15:18] [%emt 00:27:11]} Nxd4 {[%clk 01:10:17] [%emt 00:19:59]} 12. Qd3
{[%clk 01:00:14] [%emt 00:15:33]} Bb7 {[%clk 01:01:02] [%emt 00:09:44]} 13. Rad1
{[%clk 00:59:59] [%emt 00:00:46]} b5 {[%clk 00:59:20] [%emt 00:02:12]} 14. Bxb5
{[%clk 00:56:44] [%emt 00:03:46]} Nxb5 {[%clk 00:37:05] [%emt 00:22:45]} 15.
Qxb5 {[%clk 00:57:12] [%emt 00:00:02]} Qb6 {[%clk 00:20:06] [%emt 00:17:29]} 16.
Qxb6 {[%clk 00:56:03] [%emt 00:01:39]} axb6 {[%clk 00:20:31] [%emt 00:00:05]}
17. Nd7 {[%clk 00:55:43] [%emt 00:00:50]} Rfe8 {[%clk 00:19:48] [%emt 00:01:14]}
18. Nxb6 {[%clk 00:45:30] [%emt 00:10:43]} Ra5 {[%clk 00:18:54] [%emt 00:01:24]}
19. h4 {[%clk 00:33:51] [%emt 00:12:09]} h6 {[%clk 00:16:36] [%emt 00:02:48]}
20. Nc4 {[%clk 00:33:19] [%emt 00:01:02]} Ra6 {[%clk 00:16:05] [%emt 00:01:01]}
21. Bf4 {[%clk 00:31:31] [%emt 00:02:17]} Rea8 {[%emt 00:05:09]} 22. a3 {[%clk
00:22:27] [%emt 00:09:33]} Nd5 {[%clk 00:11:27] [%emt 00:00:30]} 23. Nxd5 {[%clk
00:22:28] [%emt 00:00:29]} Bxd5 {[%clk 00:11:50] [%emt 00:00:07]} 24. Ne3 {[%clk
00:22:51] [%emt 00:00:07]} Ba2 {[%clk 00:08:33] [%emt 00:03:47]} 25. g3 {[%clk
00:19:22] [%emt 00:03:59]} Bf6 {[%clk 00:05:51] [%emt 00:03:13]} 26. Ng4 {[%clk
00:19:41] [%emt 00:00:11]} Bxb2 {[%clk 00:06:09] [%emt 00:00:11]} 27. Re2 {[%clk
00:19:58] [%emt 00:00:13]} Bd5 {[%clk 00:06:34] [%emt 00:00:05]} 28. Rxd5 {[%clk
00:17:22] [%emt 00:03:06]} exd5 {[%clk 00:07:00] [%emt 00:00:04]} 29. Rxb2
{[%clk 00:17:48] [%emt 00:00:04]} Rxa3 {[%clk 00:07:24] [%emt 00:00:06]} 30. Rd2
{[%clk 00:16:49] [%emt 00:01:28]} Rd8 {[%clk 00:07:37] [%emt 00:00:17]} 31. Rd4
{[%clk 00:15:30] [%emt 00:01:49]} h5 {[%clk 00:05:37] [%emt 00:02:29]} 32. Ne3
{[%clk 00:15:41] [%emt 00:00:19]} f6 {[%clk 00:04:34] [%emt 00:01:34]} 33. Nxd5
{[%clk 00:11:31] [%emt 00:04:40]} Kf7 {[%clk 00:04:58] [%emt 00:00:05]} 34. Be3
{[%clk 00:11:55] [%emt 00:00:06]} Ra5 {[%clk 00:05:08] [%emt 00:00:20]} 35. Nf4
{[%clk 00:12:13] [%emt 00:00:13]} Rxd4 {[%clk 00:05:32] [%emt 00:00:06]} 36.
Bxd4 {[%clk 00:12:41] [%emt 00:00:02]} Ra4 {[%clk 00:05:41] [%emt 00:00:20]} 37.
Be3 {[%clk 00:11:51] [%emt 00:01:20]} Ra5 {[%clk 00:05:15] [%emt 00:00:57]} 38.
Kg2 {[%clk 00:11:37] [%emt 00:00:45]} Rb5 {[%clk 00:05:25] [%emt 00:00:20]} 39.
Kf3 {[%clk 00:11:30] [%emt 00:00:36]} Ra5 {[%clk 00:05:50] [%emt 00:00:06]} 40.
Ke4 {[%clk 00:10:44] [%emt 00:01:15]} Re5+ {[%clk 00:05:53] [%emt 00:00:27]} 41.
Kd3 {[%clk 00:11:07] [%emt 00:00:07]} Ra5 {[%clk 00:03:05] [%emt 00:03:17]} 42.
Kc4 {[%clk 00:09:23] [%emt 00:02:15]} Re5 {[%clk 00:48:32] [%emt 00:05:02]} 43.
Bd4 {[%clk 00:59:00] [%emt 00:00:54]} Rf5 {[%clk 00:46:26] [%emt 00:02:18]} 44.
Bc5 {[%clk 00:52:13] [%emt 00:07:35]} Re5 {[%clk 00:43:30] [%emt 00:03:25]} 45.
Kd4 {[%clk 00:50:40] [%emt 00:02:03]} Kg8 {[%clk 00:28:01] [%emt 00:15:59]} 46.
Nd3 {[%clk 00:45:03] [%emt 00:06:07]} Re8 {[%clk 00:28:03] [%emt 00:00:28]} 47.
Nf4 {[%clk 00:41:49] [%emt 00:03:45]} Re5 {[%clk 00:28:11] [%emt 00:00:21]} 48.
Bd6 {[%clk 00:42:13] [%emt 00:00:07]} Rf5 {[%clk 00:27:49] [%emt 00:00:51]} 49.
Nd3 {[%clk 00:42:03] [%emt 00:00:41]} Ra5 {[%clk 00:26:32] [%emt 00:01:47]} 50.
Bb4 {[%clk 00:39:03] [%emt 00:03:31]} Ra2 {[%clk 00:24:37] [%emt 00:02:25]} 51.
Ke3 {[%clk 00:38:36] [%emt 00:00:57]} Kf7 {[%clk 00:24:09] [%emt 00:00:57]} 52.
Bc5 {[%clk 00:34:57] [%emt 00:04:09]} Ra5 {[%clk 00:22:53] [%emt 00:01:47]} 53.
Ke4 {[%clk 00:34:57] [%emt 00:00:29]} Ra4+ {[%clk 00:21:41] [%emt 00:01:42]} 54.
Bd4 {[%clk 00:32:35] [%emt 00:02:52]} Ra5 {[%clk 00:20:33] [%emt 00:01:38]} 55.
Nf4 {[%clk 00:28:14] [%emt 00:04:52]} Rb5 {[%clk 00:20:47] [%emt 00:00:16]} 56.
Kd3 {[%clk 00:28:41] [%emt 00:00:02]} Ra5 {[%clk 00:20:40] [%emt 00:00:37]} 57.
Kc4 {[%clk 00:29:10] [%emt 00:00:01]} Rf5 {[%clk 00:19:31] [%emt 00:01:36]} 58.
Bb6 {[%clk 00:29:01] [%emt 00:00:43]} Ke8 {[%clk 00:10:55] [%emt 00:09:06]} 59.
Ba7 {[%clk 00:25:10] [%emt 00:04:21]} Kf7 {[%clk 00:08:25] [%emt 00:03:00]} 60.
Bc5 {[%clk 00:24:38] [%emt 00:01:02]} Re5 {[%clk 00:06:32] [%emt 00:02:49]} 61.
Bd6 {[%clk 00:25:53] [%emt 00:04:21]} Rf5 {[%clk 00:03:55] [%emt 00:03:07]} 62.
Bc7 {[%clk 00:26:01] [%emt 00:00:23]} g5 {[%clk 00:14:39] [%emt 00:04:46]} 63.
Nd3 {[%clk 00:40:30] [%emt 00:01:02]} Ke7 {[%clk 00:13:14] [%emt 00:01:54]} 64.
Kd4 {[%clk 00:23:05] [%emt 00:17:55]} Kd7 {[%clk 00:09:36] [%emt 00:04:08]} 65.
Bb6 {[%clk 00:22:58] [%emt 00:00:37]} Rb5 {[%clk 00:02:08] [%emt 00:07:58]} 66.
Bc5 {[%clk 00:23:16] [%emt 00:00:12]} Ke6 {[%clk 00:02:08] [%emt 00:00:30]} 67.
Ke4 {[%clk 00:18:50] [%emt 00:04:56]} f5+ {[%clk 00:01:22] [%emt 00:01:16]} 68.
Kd4 {[%clk 00:18:36] [%emt 00:00:44]} f4 {[%clk 00:01:52]} 69. hxg5 {[%clk
00:18:27] [%emt 00:00:40]} fxg3 {[%clk 00:02:21] [%emt 00:00:01]} 70. fxg3
{[%clk 00:18:49] [%emt 00:00:07]} Kf5 {[%clk 00:02:46] [%emt 00:00:05]} 71. Be7
{[%clk 00:19:09] [%emt 00:00:10]} Rb7 {[%clk 00:00:56] [%emt 00:02:18]} 72. Bf6
{[%clk 00:19:20] [%emt 00:00:20]} Ra7 {[%clk 00:00:43] [%emt 00:00:43]} 73. Ke3
{[%clk 00:18:11] [%emt 00:01:39]} Ra3 {[%clk 00:00:47] [%emt 00:00:26]} 74. Be7
{[%clk 00:18:05] [%emt 00:00:36]} Ra7 {[%clk 00:00:59] [%emt 00:00:18]} 75. Bc5
{[%clk 00:15:35] [%emt 00:03:00]} Rb7 {[%clk 00:00:35] [%emt 00:00:54]} 76. g6
{[%clk 00:14:56] [%emt 00:01:09]} Kxg6 {[%clk 00:00:53] [%emt 00:00:12]} 77. Ke4
{[%clk 00:15:23] [%emt 00:00:04]} Kg5 {[%clk 00:00:39] [%emt 00:00:44]} 78. Ne5
{[%clk 00:15:49] [%emt 00:00:04]} Rc7 {[%clk 00:00:33] [%emt 00:00:35]} 79. Bb4
{[%clk 00:15:30] [%emt 00:00:48]} Rb7 {[%clk 00:00:39] [%emt 00:00:24]} 80. Bd2+
{[%clk 00:15:02] [%emt 00:00:58]} Kf6 {[%clk 00:01:08] [%emt 00:00:01]} 81. Nf3
{[%clk 00:14:29] [%emt 00:01:03]} Re7+ {[%clk 00:01:24] [%emt 00:00:14]} 82. Kf4
{[%clk 00:14:51] [%emt 00:00:07]} Rf7 {[%clk 00:00:55] [%emt 00:00:58]} 83. Nh4
{[%clk 00:12:44] [%emt 00:02:37]} Rc7 {[%clk 00:01:20] [%emt 00:00:05]} 84. Kf3
{[%clk 00:12:41] [%emt 00:00:34]} Rc4 {[%clk 00:01:45] [%emt 00:00:05]} 85. Bf4
{[%clk 00:13:06] [%emt 00:00:05]} Ra4 {[%clk 00:02:06] [%emt 00:00:09]} 86. Ng2
{[%clk 00:12:40] [%emt 00:00:56]} Ra3+ {[%clk 00:02:18] [%emt 00:00:19]} 87. Ne3
{[%clk 00:12:07] [%emt 00:01:01]} Ra2 {[%clk 00:02:41] [%emt 00:00:08]} 88. Bc7
{[%clk 00:12:08] [%emt 00:00:29]} Ra4 {[%clk 00:02:40] [%emt 00:00:29]} 89. Bd6
{[%clk 00:10:33] [%emt 00:02:07]} Ke6 {[%clk 00:03:06] [%emt 00:00:05]} 90. Bf4
{[%clk 00:10:52] [%emt 00:00:10]} Kf6 {[%clk 00:03:31] [%emt 00:00:05]} 91. Bc7
{[%clk 00:11:11] [%emt 00:00:11]} Ke6 {[%clk 00:03:45] [%emt 00:00:16]} 92. Kg2
{[%clk 00:11:24] [%emt 00:00:17]} Ra1 {[%clk 00:03:53] [%emt 00:00:22]} 93. Kh2
{[%clk 00:11:36] [%emt 00:00:18]} Rb1 {[%clk 00:04:06] [%emt 00:00:17]} 94. Bd8
{[%clk 00:11:14] [%emt 00:00:52]} Ra1 {[%clk 00:04:15] [%emt 00:00:22]} 95. Bg5
{[%clk 00:11:13] [%emt 00:00:31]} Rb1 {[%clk 00:04:40] [%emt 00:00:06]} 96. Kh3
{[%clk 00:11:37] [%emt 00:00:05]} Rh1+ {[%clk 00:05:07] [%emt 00:00:04]} 97. Kg2
{[%clk 00:12:04] [%emt 00:00:03]} Ra1 {[%clk 00:05:32] [%emt 00:00:04]} 98. Kf3
{[%clk 00:12:31] [%emt 00:00:03]} Ra4 {[%clk 00:05:55] [%emt 00:00:07]} 99. Ng2
{[%clk 00:12:52] [%emt 00:00:09]} Kf5 {[%clk 00:05:34] [%emt 00:00:51]} 100. Be3
{[%clk 00:13:20] [%emt 00:00:02]} Ra3 {[%clk 00:05:20] [%emt 00:00:41]} 101. Nf4
{[%clk 00:13:37] [%emt 00:00:15]} Kg5 {[%clk 00:05:50] [%emt 00:00:01]} 102.
Ne6+ {[%clk 00:13:13] [%emt 00:00:54]} Kf5 {[%clk 00:06:10] [%emt 00:00:10]}
103. Nd4+ {[%clk 00:13:41] [%emt 00:00:02]} Ke5 {[%clk 00:06:23] [%emt
00:00:15]} 104. Ne2 {[%clk 00:13:56] [%emt 00:00:17]} Kf5 {[%clk 00:06:49] [%emt
00:00:05]} 105. Nf4 {[%clk 00:14:17] [%emt 00:00:07]} Kg5 {[%clk 00:07:15] [%emt
00:00:04]} 106. Ne6+ {[%clk 00:14:44] [%emt 00:00:03]} 1/2-1/2

[Site "Europe Echecs"]